載入...

Ion exchnage and solvent extractions .V.8

書目詳細資料
主要作者: Marcus, Y
其他作者: Marinsky, J A
格式: Printed Book
語言:Undetermined
English
出版: New York Marcel Dekker Inc 1981
主題:
LEADER 00612nam a2200193Ia 4500
008 140306s9999 xx 000 0 und d
041 |a eng 
082 |a 540  |b MAR/IO 
100 |a Marcus, Y 
700 |a Marinsky, J A 
245 |a Ion exchnage and solvent extractions .V.8 
260 |a New York  |b Marcel Dekker Inc  |c 1981 
300 |a 438 
365 |b Rs .146 .00 
650 |a Chemistry 
650 |a metal extractions 
942 |2 ddc  |c BK 
999 |c 113981  |d 113981 
952 |0 0  |1 0  |2 ddc  |4 0  |6 540_000000000000000_MARIO  |7 0  |9 111911  |a KAUHCV  |b KAUHCV  |d 2002-04-19  |g 146.00  |o 540 MAR/IO  |p KAU_HCV-15906  |r 2014-03-22  |w 2014-03-22  |y BK